000 01197nam a2200253Ia 4500
999 _c55600
_d55600
001 22695
003 GE_BSU
005 20230418145839.0
008 181216s2017ge xx |||||||||||||| ||geo||
020 _a9789941465895
040 _cGE_BSU
041 _ageo
080 _a902.2(399.7) შ-22
100 _aშანშაშვილი, ნინო.
_912216
245 _aკოლუმბამდელი ამერიკის არქეოლოგია /
_cნინო შანშაშვილი
264 _aთბილისი :
_bმწიგნობარი,
_c2017.
300 _a232 გვ.,
_b [4] ჩართ. ფ. : სურ., ტაბ. ;
_c24 სმ.
501 _aსაძიებელი: გვ. 170-180.
504 _aბიბლიოგრ.: გვ. 169
653 _aარქეოლოგია წინაისტორია,არქეოლოგიური ძეგლები.
653 _aკოლუმბამდელი ამერიკის არქეოლოგია
653 _aძველი ამერიკის კულტურული მემკვიდრეობა.
942 _cBK
_2udc